000 00754cam a2200241 4500
001 WB3616-26
008 000000n2000 000 0 eng u
035 _a(Sirsi) u105659
245 _aFears over Euro register
260 _c2000
490 _aContract Journal
_v403(6273) 19 April 2000. 11(1)
520 _aA European register of qualified contractors has moved a step closer with publication of a draft standard document by the BSI described as a potential EU construction 'passport'.
590 _aWB
650 _aBSI
650 _aREGISTER
650 _aQUALIFIED CONTRACTORS
650 _aEUROPE
650 _aCEN
650 _aPRE-QUALIFICATION PROCESS
650 _aPUBLIC SECTOR PROCUREMENT
690 _aEUROPE
942 _n0
999 _c63280
_d63280